LIBRARY & INFORMATION CENTRE, KCAET, TAVANUR

ONLINE PUBLIC ACCESS CATALOGUE (OPAC)

Polytechnic general science / (Record no. 2463)

MARC details
000 -LEADER
fixed length control field 00447cam a2200193ua 4500
041 ## - LANGUAGE CODE
Language code of text/sound track or separate title eng
082 ## - DEWEY DECIMAL CLASSIFICATION NUMBER
Classification number 530
Item number MAD/PO
100 ## - MAIN ENTRY--AUTHOR NAME
Personal name Madhu, .
245 ## - TITLE STATEMENT
Title Polytechnic general science /
260 ## - PUBLICATION, DISTRIBUTION, ETC. (IMPRINT)
Place of publication Trichur :
Name of publisher T D Warriers ,
Year of publication 1965.
300 ## - PHYSICAL DESCRIPTION
Number of Pages 127 ; .
700 1# - ADDED ENTRY--PERSONAL NAME
Personal name Moideen, .
942 ## - ADDED ENTRY ELEMENTS (KOHA)
Koha item type Books
Holdings
Withdrawn status Lost status Damaged status Home library Current library Date acquired Full call number Accession Number Koha item type
Withdrawn     KAUAET KAUAET 07/04/2012 530 8320 Books
Withdrawn     KAUAET KAUAET 07/04/2012 530 8329 Books
free website counter